00463nam a2200169 a 450000100060000000300090000600800410001502000150005604000280007108200090009910000400010824500420014826000430019030000100023349000270024365000230027019588CO-ViMGA141112s2004 ck r 000 u spa d a848452101X aCO-ViMGAbspacCO-ViMGA04aCAPg1 aCapdevila, Roser; Capdevila, Carles10aLas tres mellizas; tres gotas de agua aBarcelona : bIcaria, cIntermon; 2001 a32 p. aUna mirada al mundo; 314aCUENTOS INFANTILES